Southville International School and Colleges
Your cart is empty.
  • Cart
  • Lists
    Public lists list_1 View all
    Your lists Log in to create your own lists
  • Log in to your account
  • Your cookies
  • Search history
Southville International School and Colleges
  • Advanced search
  • Recent comments
  • Most popular
  • Libraries

Log in to your account

Log in with GOOGLE


If you do not have an external account, but do have a local account, you can still log in:

  1. Home
  2. MARC view: Essential skills to score in science for primary 6 /
Normal view MARC view ISBD view

Essential skills to score in science for primary 6 / (Record no. 296173)

[ view plain ]
MARC details
000 -LEADER
fixed length control field 00774nam a22001817a 4500
003 - CONTROL NUMBER IDENTIFIER
control field SISC
005 - DATE AND TIME OF LATEST TRANSACTION
control field 20160621151728.0
008 - FIXED-LENGTH DATA ELEMENTS--GENERAL INFORMATION
fixed length control field 160621b xxu||||| |||| 00| 0 eng d
020 ## - INTERNATIONAL STANDARD BOOK NUMBER
International Standard Book Number 9789814621250
050 ## - LIBRARY OF CONGRESS CALL NUMBER
Classification number Q 163 An581 2014
245 ## - TITLE STATEMENT
Title Essential skills to score in science for primary 6 /
Statement of responsibility, etc Jann Ang.
250 ## - EDITION STATEMENT
Edition statement 2nd ed.
260 ## - PUBLICATION, DISTRIBUTION, ETC. (IMPRINT)
Place of publication, distribution, etc Singapore :
Name of publisher, distributor, etc Educational Publishing House ;
Date of publication, distribution, etc c2014.
300 ## - PHYSICAL DESCRIPTION
Extent xii, 152 p. :
Other physical details ill. ;
Dimensions 26 cm.
520 ## - SUMMARY, ETC.
Summary, etc Essential Skills to Score in Science for Primary 6 is part of a series of four books written in accordance with the latest Primary Science syllabus issued by the Ministry of Education. This book comprises two themes, Interactions and Energy.
650 ## - SUBJECT ADDED ENTRY--TOPICAL TERM
Topical term or geographic name as entry element Science--Study and teaching.
942 ## - ADDED ENTRY ELEMENTS (KOHA)
Source of classification or shelving scheme Library of Congress Classification
Koha item type Books
Holdings
Withdrawn status Lost status Source of classification or shelving scheme Damaged status Home library Current library Shelving location Date acquired Source of acquisition Total Checkouts Full call number Barcode Date last seen Price effective from Koha item type
    Library of Congress Classification   Luxembourg Library Luxembourg Library Teachers Reference Section 06/21/2016 Library Fund   Q 163 An581 2014 20208 06/21/2016 06/21/2016 Books

Essential skills to score in science for primary 6 /

APA

(2014). Essential skills to score in science for primary 6. Singapore: Educational Publishing House.

Chicago

2014. Essential skills to score in science for primary 6. Singapore: Educational Publishing House.

Harvard

(2014). Essential skills to score in science for primary 6. Singapore: Educational Publishing House.

MLA

Essential skills to score in science for primary 6. Singapore: Educational Publishing House. 2014.

  • Place hold
  • Print
  • Cite
  • Add to your cart (remove)
  • Save record
    BIBTEX Dublin Core MARCXML MARC (non-Unicode/MARC-8) MARC (Unicode/UTF-8) MARC (Unicode/UTF-8, Standard) MODS (XML) RIS
  • More searches
    Search for this title in:
    Other Libraries (WorldCat) Other Databases (Google Scholar) Online Stores (Bookfinder.com) Open Library (openlibrary.org)

Exporting to Dublin Core...

SOUTHVILLE LIBRARY

Southville International School and Colleges Library

1281 Tropical Ave. Cor. Luxembourg St., BF Homes International, Las Pinas City

Tel. No. 8256374 / 252358 Loc. 117/146

Powered by Koha